000 00804nam a2200205 a 4500
001 000274257
003 AM-YeHGA
005 20250825140920.0
008 031021s1902 tu r 000 0 arm d
040 _aAM-YeHGA
041 0 _aarm
100 0 _aՍիպիլ,
_d1863-1934
245 1 0 _aՑոլքեր /
_cԶապէլ Հ. Ասատուր (Սիպիլ).
260 _aԿ. Պոլիս :
_bՆշան Պապիկեան գրատուն,
_c1902.
300 _a94 էջ ;
_c17 սմ.
501 _aԱլիգ. 2. Կազմված է՝ Աւ. Իսահակեան՝ Երգեր ու վէրքեր.- Թիֆլիս, 1908; Լէյլի-Մէջրում.- Մարզուան, 1911; Լ. Էսաճանեան՝ Փանդիռ.- Կ. Պոլիս, 1911
650 1 4 _aՀայ գրականություն
_xՊոեզիա
090 _c101030
999 _c99717
_d99717
942 0 0 _01